000 00351nam a2200109Ia 4500
008 220204s9999 xx 000 0 und d
082 _a338.43.01
_bREP
245 0 _aReport of the National Commission on agriculture 1976. Pt 1. Review and progress
260 _aNew Delhi
_bMinistry of Agriculture
_c1976
650 _aAgricultural economics
942 _cBK
999 _c39408
_d39408